000 00561nam a22002177a 4500
003 UA-OsUOA
001 72990
007 ta
008 20110208b un ||||| |||| 00| 0 ukr d
100 _aШиманський О.
090 _a93
_bШ61
942 _cSA
040 _aUA-OsUOA
_bukr
_cUA-OsUOA
_dUA-OsUOA
245 _aТрохи Голлівуду у вашингтонській воді
300 _aС.7
955 _a0
041 _aukr
080 _a93
773 0 _w72989
650 7 _a9 Географія. Біографії. Історія
_2UDC
999 _c359272
_d359272